000 01033nam a22004330a 4500
001 PT45367
003 AR-LpoUNG
005 20210131231047.0
008 191001s1999||||ag |||||||||||||||||spa d
020 _a9879334108
_c$31
040 _aAR-LpoUNG
_bspa
_cAR-LpoUNG
_eaacr
041 _aspa
044 _aag
082 0 _aA863 236his
100 1 _aCaparrós, Martín
245 1 3 _aLa historia
250 _a1ª ed.
260 _aCórdoba :
_bNorma,
_c1999.
300 _a941 p. :
_bil.
650 4 _aANALISIS HISTORICO
650 4 _aANALISIS SOCIOLOGICO
650 4 _aARGENTINA
650 4 _aCIVILIZACION
650 4 _aCOLONIALISMO
650 4 _aCULTURA
650 4 _aESPAÑA
650 4 _aHISTORIA
650 4 _aIDENTIDAD CULTURAL
650 4 _aLITERATURA
650 4 _aNOVELAS
650 4 _aRELACIONES HUMANAS
650 4 _aSEXUALIDAD
650 4 _aSOCIEDAD
651 4 _aArgentina
653 _aPUEBLOS ORIGINARIOS
700 1 _aMlynarzewicz, Ariel
_eil.
905 _a45367
942 _cLIB
999 _c7783
_d7783